| 000 | 00493nam a2200181 4500 | ||
|---|---|---|---|
| 020 | _a9789398753617 | ||
| 082 |
_aM 305.3 _bSUS/S |
||
| 245 |
_aSamalokam: _bgenderinekurichoru padapusthakam/ _cby Susie Tharu (ed.) |
||
| 250 | _a2 | ||
| 260 |
_aThiruvananthapuram: _bChintha, _c2024. |
||
| 300 | _a216p. | ||
| 650 | _aGender Studies | ||
| 650 | _aSocial Sciences | ||
| 700 | _aSusie Tharu (ed.) | ||
| 700 | _aSuneetha A (ed.) | ||
| 700 | _aUma Mahesswari Bhrugubanda (ed.) | ||
| 942 | _cBK | ||
| 999 |
_c181558 _d181558 |
||